000 00316pam a2200145 a 4500
020 _c
041 _aeng
082 _bLAL
100 _aLal kishon .
245 _aHuman resource mangment
_hTextual Documents
250 _a2009.
260 _adehli :
_bAvinash paperbacks .
300 _a308 pg .
930 _a1080
999 _c78005
_d78005